Un canto a los herejes /

Uloženo v:
Podrobná bibliografie
Hlavní autor: Solera Rojas, Carlos Alberto
Médium: Neznámo
Jazyk:Spanish
Témata:
Tagy: Přidat tag
Žádné tagy, Buďte první, kdo vytvoří štítek k tomuto záznamu!

MARC

LEADER 000000000a22000000004500
001 007030
041 0 |a spa 
100 1 |a Solera Rojas, Carlos Alberto 
245 1 3 |a Un canto a los herejes /   |c Carlos Alberto Solera Rojas. 
650 4 |a DESARROLLO HUMANO 
650 4 |a DESARROLLO SOCIAL 
773 0 |x 1013-9060  |d San José, Costa Rica : Editorial de la Universidad Estatal a Distancia  |t Revista Nacional de Cultura  |g número 32 (1998), páginas 75-77 
942 |c ARC 
999 |c 13151  |d 13151